| 000 | 00774nam a2200229Ia 4500 | ||
|---|---|---|---|
| 001 | 9212 | ||
| 003 | GE_BSU | ||
| 008 | 181216s||||||||xx |||||||||||||| ||und|| | ||
| 040 | _cGE_BSU | ||
| 080 | _a821.353.1-32 | ||
| 100 | _aლორთქიფანიძე,კონსტანტინე | ||
| 245 | _aმწვანე ღილი | ||
| 245 | _bმოთხრობა | ||
| 245 | _cრედ:დ.შენგელაია;მხატვ:ი.დივნეგორცევა;ე.კალანდაძე | ||
| 260 | _aთბილისი. | ||
| 260 | _bსახელგამი | ||
| 260 | _c1950 | ||
| 300 | _a120გვ;ილ;18სმ. | ||
| 653 | _aმოთხრობა | ||
| 653 | _aმწვანე ღილი | ||
| 942 | _cBK | ||
| 999 |
_c42515 _d42515 |
||